Leasehold reform (Record no. 110168)

MARC details
000 -LEADER
fixed length control field 01315cad a22002415a 4500
001 - CONTROL NUMBER
control field E148699
008 - FIXED-LENGTH DATA ELEMENTS--GENERAL INFORMATION
fixed length control field 091020s2009 xxk f 000 0 eng d
035 ## - SYSTEM CONTROL NUMBER
System control number (Sirsi) u148699
041 0# - LANGUAGE CODE
Language code of text/sound track or separate title eng
050 04 - LIBRARY OF CONGRESS CALL NUMBER
Classification number 346.4104346 $2 18
100 1# - MAIN ENTRY--PERSONAL NAME
Personal name Burgess, Gemma
245 00 - TITLE STATEMENT
Title Leasehold reform
Remainder of title graphs of relativity
Medium [electronic resource]
260 ## - PUBLICATION, DISTRIBUTION, ETC.
Place of publication, distribution, etc. London
Name of publisher, distributor, etc. RICS
Date of publication, distribution, etc. 2009
490 #0 - SERIES STATEMENT
Series statement RICS Research
505 2# - FORMATTED CONTENTS NOTE
Formatted contents note Introduction -- What is relativity? -- Use of open market sales -- Use of graphs of relativity -- Relativity graphs: prime Central London; Greater London and England; published research
520 ## - SUMMARY, ETC.
Summary, etc. In the context of statutory valuations under leasehold reform legislation, "leasehold relativity" is the value of a dwelling held on an existing lease at any given unexpired term divided by the value of the same dwelling in possession to the freeholder, expressed as a percentage. This report draws together the various graphs of relativity that are in existence together with details of the data that lies behind each.
521 ## - TARGET AUDIENCE NOTE
Target audience note Advanced
590 ## - LOCAL NOTE (RLIN)
Local note KA NTK
651 #4 - SUBJECT ADDED ENTRY--GEOGRAPHIC NAME
Geographic name England and Wales
Chronological subdivision 1543-
690 ## - LOCAL SUBJECT ADDED ENTRY--TOPICAL TERM (OCLC, RLIN)
Topical term or geographic name as entry element PROPERTY-LEASEHOLD PROPERTY
856 40 - ELECTRONIC LOCATION AND ACCESS
Uniform Resource Identifier <a href="https://www.rics.org/Global/leasehold-reform-graphs-of-relativity.pdf">https://www.rics.org/Global/leasehold-reform-graphs-of-relativity.pdf</a>
Public note View the research free of charge at www.rics.org
942 ## - ADDED ENTRY ELEMENTS (KOHA)
Suppress in OPAC 0
Holdings
Withdrawn status Lost status Source of classification or shelving scheme Damaged status Not for loan Home library Current library Shelving location Date acquired Total Checkouts Full call number Barcode Date last seen Copy number Price effective from Koha item type
    Dewey Decimal Classification     Virtual Virtual Online 20/10/2009   ONLINE PUBLICATION 148699-2001 06/08/2019 1 06/08/2019 Book